Befolkningstetthet flervalgsoppgave - Statistics

General Stats
  • This quiz has been taken 14 times
  • The average score is 6 of 15
Answer Stats
Question Answer % Correct
Hvilket land har høyest befolkningstetthet? Spania
100%
Hvilket land har høyest befolkningstetthet? USA
100%
Hvilket land har høyest befolkningstetthet? Egypt
50%
Hvilket land har høyest befolkningstetthet? Malta
50%
Hvilket land har høyest befolkningstetthet? Nederland
50%
Hvilket land har høyest befolkningstetthet? Pakistan
50%
Hvilket land har høyest befolkningstetthet? Peru
50%
Hvilket land har høyest befolkningstetthet? Serbia
50%
Hvilket land har høyest befolkningstetthet? Storbritannia
50%
Hvilket land har høyest befolkningstetthet? Sverige
50%
Hvilket land har høyest befolkningstetthet? Albania
0%
Hvilket land har høyest befolkningstetthet? Antigua and Barbuda
0%
Hvilket land har høyest befolkningstetthet? Island
0%
Hvilket land har høyest befolkningstetthet? Nepal
0%
Hvilket land har høyest befolkningstetthet? Sør-Korea
0%
No matching quizzes found
Score Distribution
Percent of People with Each Score
Percentile by Number Answered
Your Score History
You have not taken this quiz